000 00425nam a2200169 i 4500
001 bg
100 1 _aDOBRZYŃSKI, Roman
245 0 _aPortugalia /
_cR. Dobrzyński.
260 _aWarszawa,
_c1985.
490 1 _aBiblioteka - Kraje, Ludzie, Obyczaje
830 _aBiblioteka - Kraje, Ludzie, Obyczaje
040 _cBPK
041 _apol
080 _a914.69
942 _cKS
008 s pl f |000 0 pol
999 _c28396
_d28396
856 _uhttp://koha.tu.koszalin.pl/cgi-bin/koha/opac-detail.pl?biblionumber=28396
_yKatalog online BPK